| 000 | 00566nam a2200205Ia 4500 | ||
|---|---|---|---|
| 003 | GCL | ||
| 008 | 140319s9999 xx 000 0 eng d | ||
| 040 |
_aGCL / _cGCL |
||
| 082 | 0 | 4 |
_a025.42 _bS M |
| 100 | 1 | _aSAYE, JERRY D. | |
| 245 | 1 | 0 |
_aMANHEIMER'S CATALOUGING AND CLASSIFICATION / _cSAYE, JERRY D. |
| 700 | 1 | _aHARPER, DESRETTA V M C ALLISTER | |
| 260 |
_a[S.N] : _bMARCEL DEKKER, INC ، _c1991 |
||
| 300 | _a274 P | ||
| 650 | 0 | 4 | _aLIBRARY SCIENCE |
| 650 | 0 | 4 | _aCATALOGUS |
| 650 | 0 | 4 | _aDESCRIPTIVE CATALOGING |
| 650 | 0 | 4 | _aCLASSIFICATION |
| 942 |
_2ddc _cBK |
||
| 999 |
_c14884 _d14884 |
||